000 00617ntaaa2200193 4500
003 01
005 20251027202226.0
008 0714s1973 ag 01
040 _aAR-BaBN
_bspa
_cAR-BaBN
_eaacr
_dRIC
082 _a268.0400 AL5
100 _aAllen, Andrew Q
_920770
245 _aProceedings of the thirty-third annual meeting os the Southwestern Baptist Religious Education Association
250 _a1 ed.
260 _aFort Worth :
_bSouthwestern Baptist Theological Seminary,
_c1953
300 _a58 p
500 _aConferencias sobre la educación cristiana
650 _aeducación cristiana
_9405
942 _cBK
999 _c17138
_d17138